IATA live animals regulations
Guardat en:
| Autor corporatiu: | |
|---|---|
| Format: | Llibre |
| Idioma: | anglès |
| Publicat: |
Ginebra
IATA
1977
|
| Edició: | 6a. ed |
| Matèries: | |
| Etiquetes: |
Afegir etiqueta
Sense etiquetes, Sigues el primer a etiquetar aquest registre!
|
MARC
| LEADER | 00000nam a2200000 a 4500 | ||
|---|---|---|---|
| 001 | UCU6620 | ||
| 003 | CL-VaPUC | ||
| 008 | 960621e19770000SZ |||||||||||||||||eng|d | ||
| 082 | 0 | 4 | |a 341.756 |b IAT |2 21 |
| 110 | 2 | |a IATA |e author |9 364909 | |
| 245 | 1 | 0 | |a IATA live animals regulations |
| 250 | |a 6a. ed | ||
| 300 | |a 139 p | ||
| 942 | |c BK | ||
| 945 | |d 19960621 00:00:00 |a lriquelm | ||
| 260 | |a Ginebra |b IATA |c 1977 | ||
| 650 | 7 | |a TRANSPORTE |2 CL-VaPUC |9 256365 | |
| 650 | 0 | |a Transportes aéreos |9 260842 | |
| 650 | 7 | |a LEGISLACION |2 CL-VaPUC |9 364910 | |
| 650 | 0 | |a Animales |9 269820 | |
| 583 | |a last modification |c 19960621 00:00:00 |k Rodrigo Vera | ||
| 999 | |c 249471 |d 249469 | ||
| 952 | |0 0 |1 0 |4 0 |6 341_756000000000000_IAT_1977 |7 0 |8 A |9 266745 |a BIBING |b BIBING |d 2019-11-19 |i 1689266 |o 341.756 IAT 1977 |p 1689266 |r 2025-01-20 |w 2019-11-19 |y BK |k TRA | ||